000 01154nam a22003617a 4500
003 CHAP
005 20220817044155.0
008 070627d2007 it d rn 00110 spa d
010 _a93815
011 _a94787
020 _a9789253055500
035 _a105384
040 _cCHAP
082 0 4 _a634.9
_bF3Y v.149
110 2 _aFAO
245 1 0 _aMejorar las actividades forestales para reducir la pobreza:
_bguía para profesionales
_c/por FAO
260 _aRoma :
_bFAO,
_c2007.
300 _a76 p. :
_bcuad. ; diag.
490 0 _aFAO. Montes
_v; 149
590 _aBATCH-UPD
_b10
_c20130110
_lUCH01
_h0849
590 _aBATCH-UPD
_b10
_c20130410
_lUCH01
_h0521
590 _aBATCH-UPD
_b10
_c20130913
_lUCH01
_h2213
590 _aCONVERSION
_b10
_c20130109
_lUCH01
_h1352
650 1 4 _aAgroforestería.
_92156
650 1 4 _aPobreza.
_989463
650 1 4 _aRecursos forestales
_xAprovechamiento.
_995030
650 1 4 _aSilvicultura sustentable.
_9106136
830 0 _aFAO. Montes
_v; 149
_939632
901 _aBK
905 _aMarco A. Mendoza T.
942 _cLIBRO
949 _a634.9 F3Y v.149
_bBC
_cFAO
_d33724002033967
_eFAO1
_gDonaciØn
_h108720
_i105384
_sb
999 _c93815
_d93815